书目信息 |
| 题名: |
义务教科书英语八年级下册
|
|
| 作者: | 刘道义 郑旺全 主编 | |
| 分册: | 上册 | |
| 出版信息: | 北京 人民教育出版社 2013.10 |
|
| 页数: | 137 | |
| 开本: | 23cm | |
| 丛书名: | ||
| 单 册: | ||
| 中图分类: | G633.413 | |
| 科图分类: | ||
| 主题词: | 教育--各级 | |
| 电子资源: | ||
| ISBN: | 978-7-107-27401-5 | |
| 000 | 00653nam0 2200181 450 | |
| 001 | 202410302148704196 | |
| 005 | 20241112144339.22 | |
| 010 | @a978-7-107-27401-5@d¥9.10 | |
| 100 | @a20241030d km y0chiy0120 ea | |
| 101 | 0 | @achi |
| 200 | 1 | @a义务教科书英语八年级下册@AYi Wu Jiao Ke Shu Ying Yu Ba Nian Ji Xia Ce@h上册@f刘道义 郑旺全主编@FLiu Dao Yi Zheng Wang Quan Zhu Bian |
| 210 | @a北京@c人民教育出版社@d2013.10 | |
| 215 | @a137@d23cm | |
| 606 | 0 | @a教育@x各级 |
| 690 | @aG633.413@v4 | |
| 701 | 0 | @a刘道义 郑旺全@ALiu Dao Yi Zheng Wang Quan@4主编 |
| 801 | 0 | @aCN@b大连网信软件有限公司图书馆·11@c20241112 |
| 905 | @aZUCC@b1055724@dG633.413@e1060:1@f1 | |
| 义务教科书英语八年级下册.上册/刘道义 郑旺全主编.-北京:人民教育出版社,2013.10 |
| 137;23cm |
| ISBN 978-7-107-27401-5:¥9.10 |
| ● |
| 相关链接 |
|
|
|
|
正题名:义务教科书英语八年级下册
索取号:G633.413/1060:1
 
预约/预借
| 序号 | 登录号 | 条形码 | 馆藏地/架位号 | 状态 | 备注 |
| 1 | 1055724 | 210557244 | 密集书库—外国语学院/ [索取号:G633.413/1060:1] | 在馆 |